Der Körper (vorderseite) - Statistics

General Stats
  • This quiz has been taken 7 times
  • The average score is 7 of 15
Answer Stats
Hint Answer % Correct
neck der Hals
86%
leg das bein
71%
foot der Fuß
71%
head der Kopf
71%
chest/breast die Brust
71%
hip die Hüfte
71%
abdomen der Bauch
57%
knee die Knie
57%
navel der Nabel
43%
forearm der Unterarm
43%
genitals die Geschlechtsteile
29%
groin die Leiste
29%
shin das Schienbein
14%
waist die Taille
14%
thigh der Oberschenkel
0%
No matching quizzes found
Score Distribution
Percent of People with Each Score
Percentile by Number Answered
Your Score History
You have not taken this quiz